Estadísticas para Prueba de Cabo Verde

Haz click aquí para intentar la prueba.

Estadísticas generales

  • Esta prueba ha sido intentada 504 veces
  • La puntuación promedio es 10 de 13

Estadísticas de respuestas

PistaRespuesta% Correcto
Idioma oficialPortugués
96%
Países más cercanosSenegal
90%
Países más cercanosGambia
88%
Países más cercanosMauritania
87%
Población de Cabo Verde en el año 14000
85%
Hasta el siglo XIX, Cabo Verde fue un punto de suministro en este cruel comercioComercio atlántico de esclavos
85%
Capital de Cabo VerdePraia
84%
La isla más grande y más poblada
(comparte su nombre con una capital sudamericana)
Santiago
80%
Cabo Verde es uno de los cuatro archipiélagos "macaronésicos" del
Océano Atlántico. Nombra uno de los otros.
Islas Canarias |
Azores | Madeira
79%
El idioma más habladoCriollo caboverdiano
47%
Moneda de Cabo VerdeEscudo
45%
El corsario inglés que atacó las islas en 1585Francis Drake
43%
El único mamífero nativo de la isla (pista: piensa en cómo pudo haber llegado allí)Murciélago gris de orejas largas
41%

Distribución de puntuación

Porcentaje por número respondido

Porcentaje de gente con cada puntuación

Historial de tus puntuaciones

No has intentado esta prueba.